<?xml version="1.0" encoding="UTF-8"?><?xml-stylesheet type="text/xsl" href="static/style.xsl"?><OAI-PMH xmlns="http://www.openarchives.org/OAI/2.0/" xmlns:xsi="http://www.w3.org/2001/XMLSchema-instance" xsi:schemaLocation="http://www.openarchives.org/OAI/2.0/ http://www.openarchives.org/OAI/2.0/OAI-PMH.xsd"><responseDate>2026-06-02T12:45:55Z</responseDate><request verb="GetRecord" identifier="oai:riuma.uma.es:10630/2651" metadataPrefix="marc">https://riuma.uma.es/rest/oai/request</request><GetRecord><record><header><identifier>oai:riuma.uma.es:10630/2651</identifier><datestamp>2026-02-03T12:37:49Z</datestamp><setSpec>com_10630_2254</setSpec><setSpec>col_10630_37957</setSpec></header><metadata><record xmlns="http://www.loc.gov/MARC21/slim" xmlns:dcterms="http://purl.org/dc/terms/" xmlns:doc="http://www.lyncode.com/xoai" xmlns:xsi="http://www.w3.org/2001/XMLSchema-instance" xsi:schemaLocation="http://www.loc.gov/MARC21/slim http://www.loc.gov/standards/marcxml/schema/MARC21slim.xsd">
   <leader>00925njm 22002777a 4500</leader>
   <datafield ind2=" " ind1=" " tag="042">
      <subfield code="a">dc</subfield>
   </datafield>
   <datafield ind2=" " ind1=" " tag="720">
      <subfield code="a">Mosquera-Gamero, Ana María</subfield>
      <subfield code="e">author</subfield>
   </datafield>
   <datafield ind2=" " ind1=" " tag="260">
      <subfield code="c">2003</subfield>
   </datafield>
   <datafield ind2=" " ind1=" " tag="520">
      <subfield code="a">La presente investigación desarrollada en el ámbito de la educación infantil,surge para poder comprobar con una metodología cuasi-experimental, lo que se ha venido evidenciando en la práctica educativa. Las actividades psicomotrices favorecen la rapidez del aprendizaje de la lecto-escritura. Estructuralmente podemos diferenciar tres partes: La primera parte de esta tesis incluye una revisión de la bibliografía relativa al tema estudiado. Comprende la fundamentación teórica sobre la educación infantil como centro estimulador del aprendizaje. En la segunda parte se exponen los procesos seguidos en la realización del experimento de campo. La tercera parte recoge unas conclusiones acerca de los resultados obtenidos, sugerencias y referencias bibliográficas.</subfield>
   </datafield>
   <datafield ind1="8" ind2=" " tag="024">
      <subfield code="a">8468929409</subfield>
   </datafield>
   <datafield ind1="8" ind2=" " tag="024">
      <subfield code="a">http://hdl.handle.net/10630/2651</subfield>
   </datafield>
   <datafield tag="653" ind2=" " ind1=" ">
      <subfield code="a">Escritura - Estudio y enseñanza preescolar - Tesis doctorales</subfield>
   </datafield>
   <datafield tag="653" ind2=" " ind1=" ">
      <subfield code="a">Lectura - Estudio y enseñanza preescolar - Tesis doctorales</subfield>
   </datafield>
   <datafield tag="653" ind2=" " ind1=" ">
      <subfield code="a">Educación psicomotriz - Tesis doctorales</subfield>
   </datafield>
   <datafield ind2="0" ind1="0" tag="245">
      <subfield code="a">Influencia de una intervención psicomotriz en el proyecto de aprendizaje de la lecto-escritura en la edad de cinco años</subfield>
   </datafield>
</record>
</metadata></record></GetRecord></OAI-PMH>